| 000 | 00432nam a2200157Ia 4500 | ||
|---|---|---|---|
| 003 | GCL | ||
| 008 | 140319s9999 xx 000 0 eng d | ||
| 040 |
_aGCL / _cGCL |
||
| 082 | 0 | 4 |
_a961.1 _bZ M |
| 100 | 1 | _aZBISS, SLIMANE MUSTOPHA | |
| 245 | 1 | 0 |
_aLES MONAMENTS DE TUNIS / _cZBISS, SLIMANE MUSTOPHA |
| 260 |
_a[S.N] : _bSOCIETE TANISIENNE DE DIFFUSION ، _c1971 |
||
| 300 | _a88 PP | ||
| 650 | 0 | 4 | _aTUNIS, HISTORY |
| 942 |
_2ddc _cBK |
||
| 999 |
_c20586 _d20586 |
||